000 00716nam a2200289Ia 4500
005 20260324141728.0
008 008 260324s9999 xx 000 0 eng d
020 _a9780203360620
037 _aEBOOK
040 _aCRL
040 _beng
040 _cCRL
041 _2eng
041 _aeng
084 _qCRL
100 _aStephen Brown; Jim Bell; David Carson
_91209292
245 0 _aMarketing Apocalypse
245 0 _bEschatology, Escapology and the Illusion of the End
260 _bTaylor and Francis
260 _c1996
365 _a
365 _b87.99
856 _uhttp://www.taylorfrancis.com/books/9780203360620
942 _cEBOOK
999 _c1812683
_d1812683